000 01236cam a2200313Mi 4500
999 _c2208
_d2208
001 .b34697743
003 OCoLC
005 20230328105745.0
008 080923s2009 enka j 000 1 eng d
020 _a9781842707852
_q(pbk.)
035 _a(OCoLC)828496244
_z(OCoLC)965969278
040 _aERD
_beng
_erda
_cERD
_dOCLCO
_dOCLCF
_dOCLCQ
_dOCL
_dCNGUL
_dCEG
_dKH8
042 _anbic
049 _aCEGA
082 0 _a823.914 MCK
100 1 _aMcKee, David,
_eauthor,
_eillustrator.
245 1 0 _aElmer and the stranger /
_cDavid McKee.
250 _aPaperback edition.
260 _c2009.
264 1 _aLondon :
_bAndersen press,
_c2009.
300 _a29 unnumbered pages :
_bcolor illustrations ;
_c28 cm.
336 _atext
_btxt
_2rdacontent.
337 _aunmediated
_bn
_2rdamedia.
338 _avolume
_bnc
_2rdacarrier.
500 _aOriginally published: 2000.
520 _aIs there a difference between a bounce and a jump? Kangaroo thinks there is, and he is very concerned he is going to look silly in the upcoming jumping competition, until Elmer helps him discover that the one will do just as well as the other.
650 0 _aElmer (Fictitious character : McKee)
_vPictorial works
_vJuvenile fiction.
942 _2ddc
_cNFIC